| 000 | 00716cam a22002657a 4500 | ||
|---|---|---|---|
| 003 | CHAP | ||
| 005 | 20220329133920.0 | ||
| 008 | 971013s1949 r 00010 d | ||
| 010 | _a12647 | ||
| 011 | _a13619 | ||
| 035 | _a17691 | ||
| 040 | _cCHAP | ||
| 082 |
_a674 _bG54 |
||
| 100 | 0 | 0 |
_aGlesinger, Egon. _948277 |
| 245 | 1 | 4 | _aThe coming age of wood |
| 260 |
_aNew York : _bSimon and Schuster, _c1949 |
||
| 300 | _a279 p. | ||
| 590 |
_aBATCH-UPD _b10 _c20130110 _lUCH01 _h1512 |
||
| 590 |
_aCONVERSION _b10 _c20130109 _lUCH01 _h1308 |
||
| 650 | 1 | 4 |
_aMadera para industrias. _969664 |
| 650 | 1 | 4 |
_aMadera. _969594 |
| 901 | _aBK | ||
| 942 | _cLIBRO | ||
| 949 |
_a674 G54 _bBC _cLIBRO _d33724000149415 _eLIBRO _i17691 _si |
||
| 999 |
_c12647 _d12647 |
||